Stages of Development of Cancer and level of Awareness Among the Patients of Rajshahi Medical College Hospital, Bangladesh / (Record no. 79777)
[ view plain ]
| 000 -LEADER | |
|---|---|
| fixed length control field | 01038nam a2200253 a 4500 |
| 001 - CONTROL NUMBER | |
| RUCL Control Number | 79777 |
| 003 - CONTROL NUMBER IDENTIFIER | |
| rucl marc code | BD-RjUL |
| 005 - DATE AND TIME OF LATEST TRANSACTION | |
| control field | 20220510122500.0 |
| 008 - FIXED-LENGTH DATA ELEMENTS--GENERAL INFORMATION | |
| fixed length control field | 220510s2010 bg ||||| m||| 00| 0 eng d |
| 035 ## - SYSTEM CONTROL NUMBER | |
| system control number | (BD-RjUL)79777 |
| 040 ## - CATALOGING SOURCE | |
| Original cataloging agency | BD-RjUL |
| Language of cataloging | eng |
| Transcribing agency | BD-RjUL |
| Modifying agency | BD-RjUL |
| 041 ## - LANGUAGE CODE | |
| Language code of Book | eng |
| 082 ## - DEWEY DECIMAL CLASSIFICATION NUMBER | |
| Classification number | 616.994 |
| Author mark and Year | BAS 2010 |
| DDC Edition number | 23 |
| 100 ## - MAIN ENTRY--PERSONAL NAME | |
| Personal name | Basak, Ashesh |
| 9 (RLIN) | 2886 |
| 245 01 - TITLE STATEMENT | |
| Title | Stages of Development of Cancer and level of Awareness Among the Patients of Rajshahi Medical College Hospital, Bangladesh / |
| Statement of responsibility, etc | Ashesh Basak ; |
| Name of Supervisor/Co-Supervisor | Supervisor : Md. Sadequl Arefin, Co-Supervisor : Md. Mahbub-ul Alam |
| 260 ## - PUBLICATION, DISTRIBUTION, ETC. (IMPRINT) | |
| Place of publication, distribution, etc | Rajshahi : |
| Name of publisher, distributor, etc | Institute of bangladesh Studies, University of Rajshahi, |
| Date of publication, distribution, etc | 2010 |
| 300 ## - PHYSICAL DESCRIPTION | |
| Pagination | xvii, 157 Leaves ; |
| Dimensions | 29 cm. |
| 502 ## - DISSERTATION NOTE | |
| Dissertation note | Thsis (Ph. D.) -- Institute of bangladesh Studies, University of Rajshahi, 2010 |
| 504 ## - BIBLIOGRAPHY, ETC. NOTE | |
| Bibliography, etc | Binliography : Leaves [152]-157 |
| 650 ## - SUBJECT ADDED ENTRY--TOPICAL TERM | |
| Topical term or geographic name as entry element | Diseases |
| Form subdivision | Stages |
| General subdivision | Awareness |
| 9 (RLIN) | 2891 |
| 700 ## - ADDED ENTRY--SUPERVISOR/CO-SUPERVISOR NAME | |
| Personal name | Arefin, Md. Sadequl, Supervisor |
| 9 (RLIN) | 2887 |
| Personal name | Alam, Md. Mahbub-ul, Co-Supervisor |
| 9 (RLIN) | 2888 |
| 942 ## - ADDED ENTRY ELEMENTS (KOHA) | |
| Source of classification or shelving scheme | Dewey Decimal Classification |
| Koha item type | Theses |
| Source of classification or shelving scheme | Damaged status | Not for loan | Collection code | Permanent Location | Current Location | Shelving location | Date of accession | Source of acquisition | Total Checkouts | Full call number | Barcode | Date last seen | Copy number | Thesis |
|---|---|---|---|---|---|---|---|---|---|---|---|---|---|---|
| Dewey Decimal Classification | Not For Loan | Theses | Central Library, University of Rajshahi | Central Library, University of Rajshahi | Documentation Section | 11/06/2011 | Controller of Exam., R. U. | THE 616.994 BAS 2010 | D3279 | 10/05/2022 | C-1 | Theses |